00452cam a2200157ua 4500001000400000008003900004040000900043082001000052245008100062250000900143260004400152300002200196653002200218653002800240700002600268626110412n ii |||gr||||Z||||||eng cMAIN a320.51 aModern political theory : bContemporary political theory / cby H.R. Mukhi  a1st. aDelhi:bSBD pulishers distributors,997. axii, 340p:c20cm. aPolitical science aModern political theory aMukhi, H.R.,eAuthor.